| 000 | 00558nam a2200241 a 4500 | ||
|---|---|---|---|
| 001 | nice12345678 | ||
| 003 | IN_TiNIC | ||
| 005 | 20260116012853.0 | ||
| 008 | 050524s1980 dela grp 000 0 eng | ||
| 020 |
_a _c95 |
||
| 082 | 0 | 0 |
_a297.09 _bALIS |
| 100 | _aAli, K | ||
| 245 | _aStudy of Islamic History. | ||
| 260 |
_aDelhi _bIdarah-Iadabiyat-I Delli _c1980 |
||
| 300 | _a369p. | ||
| 500 | _aincludes index and biblioraphy | ||
| 505 | 2 | _aIndex | |
| 650 | _aIslam-History | ||
| 700 | 1 | _aAli, K | |
| 902 | _bSRS | ||
| 942 | _cBK | ||
| 999 |
_c8720 _d8720 |
||